Confluencia: obras para guitarra

Kaydedildi:
Detaylı Bibliyografya
Yazar: Edmunds Guevara, Moa (Yazar)
Materyal Türü: Kitap
Dil:İspanyolca
Baskı/Yayın Bilgisi: Valparaíso Cadenza 2017
Edisyon:1a. ed
Konular:
Etiketler: Etiketle
Etiket eklenmemiş, İlk siz ekleyin!

MARC

LEADER 00000cam a2200000 a 4500
001 UCC7133
003 CL-VaPUC
008 190304e20170000cl |||||||||||||||||spa|d
020 |a 9789569990007 
082 0 4 |a Gt787.87  |b EDM  |2 21 
100 0 |a Edmunds Guevara, Moa  |e author  |9 601627 
245 1 0 |a Confluencia: obras para guitarra 
250 |a 1a. ed 
300 |a 31 p 
942 |c BK 
945 |d 20190304 12:48:00  |a dcastane 
260 |a Valparaíso  |b Cadenza  |c 2017 
650 0 |a Música para guitarra  |9 362109 
583 |a last modification  |c 20190304 12:48:00  |k Rodrigo Vera 
999 |c 373864  |d 373862 
952 |0 0  |1 0  |3 erb  |4 0  |6 GT_787_870000000000000_EDM_2017  |7 0  |8 X  |9 492116  |a BIBEDU  |b BIBEDU  |i 5534410  |o Gt787.87 EDM 2017  |p 5534410  |r 2023-11-22  |w 2019-11-24  |y BK_X  |z Catalogado en:20190304  |k MUS